000 00331nam a2200133Ia 4500
005 20260328104334.0
008 260328s9999||||xx |||||||||||||| ||und||
100 _aMostaedi, Arian
245 0 _aPequeños Espacios Grandes Ideas /
_cArian Mostaedi
260 _bIJB
300 _a250 p.
650 _aCASAS DE CAMPO
942 _cBK
999 _c11813
_d11813